000 01586nam a2200325 4500
001 187
003 OSt
005 20250528074014.0
008 250131b |||||||e |||| 00| 1 eng d
020 _a9788565530378
040 _bpor
041 _heng
_apor
082 _a813
_bD273p
100 1 _aDay, Sylvia
_d1973-
_9345
240 _aReflected in you
245 _aProfundamente sua /
_cDay, Sylvia ; Tradução de Alexandre Boide
260 _aSão Paulo
_bParalela
_c2013
300 _a310 p.
490 1 _aCrossfire
_vLivro 02
500 _aProfundamente sua Sequência de :Toda sua
520 _a"Gideon Cross. Ele é tão bonito e perfeito do lado de fora quanto é danificado e atormentado no interior. Ele era uma chama brilhante e ardente que me chamuscou com o mais escuro dos prazeres. Eu não poderia ficar longe. Eu não queria. Ele era o meu vício... meu desejo... todo meu. Meu passado foi tão violento quanto o dele, e eu estava tão machucada. Nós nunca iríamos ser normais. Era muito difícil, muito doloroso... exceto quando era perfeito. Aqueles momentos em que a voragem do amor desesperado eram a loucura mais requintada. Fomos completamente subjugados pela nossa necessidade. E a nossa paixão nos levaria além dos nossos limites para a mais doce borda da mais nítida obsessão."
650 0 _aLiteratura Americana
_984
650 0 _aAmor e Paixão
_925
650 0 _aErótico
_9305
655 0 _aRomance
_923
655 0 _aFicção
_922
700 _aAlexandre Boidi
_eTradutor
_9248
830 _aCrossfire
_vLivro 02
_9346
942 _2ddc
_n0
_cBK
999 _c187
_d187